[Event "Bad Griesbach Seniors op 12th"]
[Site "Bad Griesbach"]
[Date "2009.12.05"]
[Round "7"]
[White "Klimpel, Siegfried"]
[Black "Lamprecht, Friedrich"]
[Result "0-1"]
[WhiteElo "1706"]
[BlackElo "1739"]
[PlyCount "86"]
[EventDate "2009.11.29"]
[EventType "swiss"]
[EventRounds "7"]
[EventCountry "GER"]
[SourceTitle "EXT 2015"]
[Source "ChessBase"]
[SourceDate "2014.11.20"]
[SourceVersion "1"]
[SourceVersionDate "2014.11.20"]
[SourceQuality "1"]

1. e4 c5 2. Nf3 e6 3. d4 cxd4 4. Nxd4 Nf6 5. Nc3 Nc6 6. Bg5 a6 7. f3 d6 8. Bc4 Be7 9. Qd2 Na5 10. Bd3 b5 11. b3 Bb7 12. Rd1 Qc7 13. Bxb5+ Nc6 14. Nxc6 Bxc6 15. Bxc6+ Qxc6 16. Ne2 Rd8 17. 0-0 d5 18. e5 Ng8 19. Nd4 Qb6 20. Kh1 h6 21. Be3 Bc5 22. c3 Qc7 23. b4 Ba7 24. Qd3 Qb7 25. f4 Ne7 26. a4 Rc8 27. f5 Bxd4 28. Bxd4 Nxf5 29. Bc5 Ne7 30. Qg3 0-0 31. Rf6 g6 32. Bxe7 Qxe7 33. Qh4 Kh7 34. Qg3 Rc4 35. Qf3 Re4 36. Qg3 Qc7 37. Rdf1 Kg7 38. b5 axb5 39. axb5 Qxe5 40. b6 Qxg3 41. hxg3 Re2 42. R6f2 Rxf2 43. Rxf2 Rb8 0-1

[Event "Bad Griesbach Seniors op 11th"]
[Site "Bad Griesbach"]
[Date "2008.12.11"]
[Round "5"]
[White "Lamprecht, Friedrich"]
[Black "Alefs, Heinz"]
[Result "1/2-1/2"]
[WhiteElo "1749"]
[BlackElo "1632"]
[PlyCount "113"]
[EventDate "2008.12.07"]
[EventType "swiss"]
[EventRounds "7"]
[EventCountry "GER"]
[SourceTitle "EXT 2015"]
[Source "ChessBase"]
[SourceDate "2014.11.20"]
[SourceVersion "1"]
[SourceVersionDate "2014.11.20"]
[SourceQuality "1"]

1. e4 e6 2. c4 g6 3. g3 Bg7 4. Bg2 c5 5. Ne2 Nc6 6. d3 Nge7 7. Nbc3 a6 8. a3 Rb8 9. 0-0 b5 10. Rb1 b4 11. axb4 cxb4 12. Na4 d6 13. b3 Bd7 14. Nb2 0-0 15. d4 Qa5 16. d5 exd5 17. exd5 Ne5 18. Bf4 Qc7 19. Nd4 Nf5 20. Be3 Rfe8 21. h3 Qc8 22. Kh2 g5 23. Nxf5 Bxf5 24. Rc1 g4 25. h4 Qd8 26. Bg5 f6 27. Bf4 Rb7 28. Re1 Rbe7 29. Qd2 Ng6 30. Rxe7 Qxe7 31. Be3 a5 32. Ra1 Qc7 33. Na4 Qe7 34. Nb6 Nxh4 35. gxh4 Qe5+ 36. Bf4 Qxa1 37. Bxd6 Qc3 38. Bf4 Qxd2 39. Bxd2 Re2 40. Be3 Rb2 41. d6 Rxb3 42. c5 Rd3 43. Bd5+ Kf8 44. c6 Rc3 45. Bc4 b3 46. d7 Bxd7 47. Bc5+ Ke8 48. cxd7+ Kd8 49. Ba3 f5 50. Kg2 Be5 51. Bb2 Rxc4 52. Nxc4 Bxb2 53. Nxb2 Kxd7 54. Kf1 Kc6 55. Ke2 Kb5 56. Kd2 a4 57. Nd3 1/2-1/2

[Event "Bad Griesbach Seniors op 10th"]
[Site "Bad Griesbach"]
[Date "2007.12.05"]
[Round "4"]
[White "Huhn, Ulrich"]
[Black "Lamprecht, Friedrich"]
[Result "1-0"]
[WhiteElo "1697"]
[BlackElo "1691"]
[PlyCount "64"]
[EventDate "2007.12.02"]
[EventType "swiss"]
[EventRounds "7"]
[EventCountry "GER"]
[SourceTitle "EXT 2015"]
[Source "ChessBase"]
[SourceDate "2014.11.20"]
[SourceVersion "1"]
[SourceVersionDate "2014.11.20"]
[SourceQuality "1"]

1. d4 Nf6 2. Nc3 d5 3. Bg5 Nbd7 4. f3 e6 5. e4 Be7 6. e5 Ng8 7. Bxe7 Qxe7 8. f4 Qb4 9. a3 Qe7 10. Nb5 Nb6 11. Qg4 g6 12. h4 a6 13. Nc3 Nd7 14. h5 Nh6 15. Qh3 Nf5 16. 0-0-0 c5 17. Nf3 Nxd4 18. Nxd4 cxd4 19. Rxd4 Nc5 20. hxg6 fxg6 21. b4 Nd7 22. Bd3 Nf8 23. g4 Bd7 24. f5 Qg5+ 25. Kb2 Bc6 26. b5 axb5 27. Nxb5 Bxb5 28. Bxb5+ Ke7 29. Qc3 Rd8 30. Qc7+ Nd7 31. Qd6+ Ke8 32. f6 Kf7 1-0

[Event "Mittelfrankenliga-B2b 0607"]
[Site "Mittelfranken"]
[Date "2007.01.14"]
[Round "4.8"]
[White "Koller, Manfred"]
[Black "Lamprecht, Friedrich"]
[Result "1/2-1/2"]
[WhiteElo "1593"]
[BlackElo "1749"]
[PlyCount "50"]
[EventDate "2006.10.22"]
[EventType "team-tourn"]
[EventRounds "9"]
[EventCountry "GER"]
[SourceTitle "EXT 2011"]
[Source "ChessBase"]
[SourceDate "2010.11.26"]
[SourceVersion "1"]
[SourceVersionDate "2010.11.26"]
[SourceQuality "1"]
[WhiteTeam "Cadolzburg"]
[BlackTeam "Postbauer II"]
[WhiteTeamCountry "GER"]
[BlackTeamCountry "GER"]

1. e4 c5 2. Nf3 Nc6 3. d4 cxd4 4. Nxd4 Nf6 5. Nc3 e6 6. Be2 Bb4 7. Nxc6 bxc6 8. Bg5 Bxc3+ 9. bxc3 Qa5 10. Bxf6 gxf6 11. Qd4 Qg5 12. g3 c5 13. f4 cxd4 14. fxg5 dxc3 15. gxf6 Bb7 16. Bd3 0-0 17. 0-0 d5 18. exd5 exd5 19. Rf4 Rfe8 20. Raf1 Re5 21. Rg4+ Kf8 22. Bxh7 Ke8 23. Rb1 Bc6 24. Rf1 Kd7 25. Kf2 Rae8 1/2-1/2

[Event "Mittelfranken-ch HT 55th"]
[Site "Postbauer"]
[Date "2006.04.11"]
[Round "1.14"]
[White "Lamprecht, Friedrich"]
[Black "Vogiatzis, Dimitrios"]
[Result "0-1"]
[WhiteElo "1724"]
[BlackElo "1971"]
[PlyCount "138"]
[EventDate "2006.04.11"]
[EventType "swiss"]
[EventRounds "9"]
[EventCountry "GER"]
[SourceTitle "EXT 2011"]
[Source "ChessBase"]
[SourceDate "2010.11.26"]
[SourceVersion "1"]
[SourceVersionDate "2010.11.26"]
[SourceQuality "1"]

1. Nf3 f5 2. d4 Nf6 3. b3 e6 4. Bb2 d5 5. Nbd2 Bd6 6. Ne5 0-0 7. e3 Nbd7 8. Be2 Ne4 9. Ndf3 c6 10. 0-0 Qf6 11. g3 Qh6 12. Nxd7 Bxd7 13. Ne5 Be8 14. f4 Qh3 15. Rf3 Bh5 16. g4 Qh4 17. gxh5 Qxh5 18. Qe1 Rf6 19. Rg3 Qh6 20. Rg2 Bc7 21. Ba3 Re8 22. Nf3 Rg6 23. Rxg6 Qxg6+ 24. Kh1 h6 25. Qh4 Kh7 26. Rg1 Qf6 27. Qxf6 gxf6 28. Rg2 Nc3 29. Nh4 Rg8 30. Rxg8 Kxg8 31. Bh5 Nxa2 32. Ng6 Ba5 33. Kg2 Bb4 34. Bxb4 Nxb4 35. c4 dxc4 36. bxc4 a5 37. Bd1 Kf7 38. Nh4 b5 39. cxb5 cxb5 40. Nf3 a4 41. Nd2 Nd5 42. Kf3 Ke7 43. Bc2 Nc3 44. e4 fxe4+ 45. Nxe4 Nd5 46. Nc5 Kd6 47. f5 exf5 48. Bxf5 Ne7 49. Bd3 Kc6 50. Be4+ Kd6 51. h4 f5 52. Bd3 Kc6 53. Bb1 Kd5 54. Ke3 f4+ 55. Kd3 Nf5 56. Ba2+ Kd6 57. h5 f3 58. Ne4+ Kc6 59. d5+ Kb6 60. d6 b4 61. d7 Kc7 62. Be6 Ne7 63. Nc5 Nc6 64. Bg4 f2 65. Ke2 a3 66. Nb3 a2 67. Kxf2 Na5 68. Na1 b3 69. Be6 b2 0-1